"European aquaculture in 1992" : seminar proceedings, Brussels, 30th and 31st May 1991 /

Bibliographic Details
Corporate Author: EURAQUA '92 Brussels, Belgium
Format: Conference Proceeding Book
Language:English
Published: Luxembourg : Office for Official Publications of the European Communities, [1992]
Series:Document / Commission of the European Communities
Subjects:

MARC

Tag First Indicator Second Indicator Subfields
LEADER 00000cam a2200000 a 4500
001 in00001128521
005 20150930081906.0
008 920829s1992 lu a i000 0 eng d
020 |a 9282642917 
035 |a (OCoLC)26505943 
035 |9 AFX1654AM 
040 |a WCL  |c WCL  |d TXA  |d UtOrBLW 
043 |a e------ 
049 |a TXAM 
090 |a SH3  |b .E87 1992 
111 2 |a EURAQUA '92  |d (1991 :  |c Brussels, Belgium) 
245 1 0 |a "European aquaculture in 1992" :  |b seminar proceedings, Brussels, 30th and 31st May 1991 /  |c EURAQUA '92. 
264 1 |a Luxembourg :  |b Office for Official Publications of the European Communities,  |c [1992] 
264 4 |c ©1992 
300 |a ix, 174 pages :  |b illustrations ;  |c 28 cm. 
336 |a text  |b txt  |2 rdacontent 
337 |a unmediated  |b n  |2 rdamedia 
338 |a volume  |b nc  |2 rdacarrier 
490 0 |a Document / Commission of the European Communities 
500 |a "CU-74-91-758-EN-C"--Back cover. 
650 0 |a Aquaculture  |z European Economic Community countries. 
650 0 |a Aquaculture  |x Finance  |x Law and legislation  |z European Economic Community countries. 
650 0 |a Aquaculture industry  |z European Economic Community countries. 
999 |a MARS 
999 f f |s e136ba6f-bab8-3e8c-b678-20922fdb595e  |i 4c4755aa-5018-37ff-b833-4cb56321fcea  |t 0 
952 f f |p ric  |a Texas A&M University  |b Rellis Campus  |c Joint Library Facility  |d Remote Storage  |t 0  |e SH3 .E87 1992  |h Library of Congress classification  |i unmediated -- volume  |m A14815137110 
998 f f |a SH3 .E87 1992  |t 0  |l Remote Storage